000 01160cam a2200313 a 4500
001 13021632
003 ARRUPE
005 20150716145632.0
008 021205s2003 nju b 001 0 eng d
010 _a 2002727105
020 _a0130422037
035 _a(OCoLC)ocm50943008
040 _aMUM
_cMUM
_dDLC
042 _alccopycat
050 0 0 _aT174.5
_b.S28 2003
082 0 0 _a303.48/33
_221
100 1 _aSchneiderman, Ron.
_918276
245 1 0 _aTechnology lost :
_bhype and reality in the digital age /
_cRon Schneiderman.
260 _aUpper Saddle River, N.J. :
_bPrentice Hall,
_cc2003.
300 _axviii, 187 p. ;
_c23 cm.
504 _aIncludes bibliographic references and index.
650 0 _aTechnology assessment.
_918277
650 0 _aTechnological innovations
_vCase studies.
_918278
650 0 _aTechnological innovations
_xEconomic aspects.
_918279
650 0 _aBusiness planning
_xHistory
_y20th century.
_918280
906 _a7
_bcbc
_ccopycat
_d2
_encip
_f20
_gy-gencatlg
942 _2lcc
_cMONOGRAPH
999 _c122961
_d122961